Boleti of the United States, (Record no. 24581)
[ view plain ]
| 000 -LEADER | |
|---|---|
| fixed length control field | 00742cam a22002291 4500 |
| 001 - CONTROL NUMBER | |
| control field | gs 07000455 |
| 003 - CONTROL NUMBER IDENTIFIER | |
| control field | DLC |
| 005 - DATE AND TIME OF LATEST TRANSACTION | |
| control field | 20260227111305.0 |
| 008 - FIXED-LENGTH DATA ELEMENTS--GENERAL INFORMATION | |
| fixed length control field | 800213s1889 nyu s000 0 eng |
| 010 ## - LIBRARY OF CONGRESS CONTROL NUMBER | |
| LC control number | gs 07000455 |
| 035 ## - SYSTEM CONTROL NUMBER | |
| System control number | (OCoLC)5978664 |
| 040 ## - CATALOGING SOURCE | |
| Original cataloging agency | DLC |
| Transcribing agency | TxCM |
| Modifying agency | OCoLC |
| -- | DLC |
| 050 00 - LIBRARY OF CONGRESS CALL NUMBER | |
| Classification number | Q11 |
| Item number | .N82 v. 2 |
| 051 ## - LIBRARY OF CONGRESS COPY, ISSUE, OFFPRINT STATEMENT | |
| Classification number | QK629.P7 |
| Item number | P4 |
| Copy information | Copy 2. |
| 100 1# - MAIN ENTRY--PERSONAL NAME | |
| Personal name | Peck, Charles H. |
| Fuller form of name | (Charles Horton), |
| Dates associated with a name | 1833-1917. |
| 245 10 - TITLE STATEMENT | |
| Title | Boleti of the United States, |
| Statement of responsibility, etc. | by Charles H. Peck. |
| 260 ## - PUBLICATION, DISTRIBUTION, ETC. | |
| Place of publication, distribution, etc. | Albany, |
| Name of publisher, distributor, etc. | University of the State of New York, |
| Date of publication, distribution, etc. | 1889. |
| 300 ## - PHYSICAL DESCRIPTION | |
| Extent | [73]-166 p. |
| Dimensions | 24 cm. |
| 490 1# - SERIES STATEMENT | |
| Series statement | New York State Museum. Bulletin, |
| Volume/sequential designation | v. 2, no. 8 |
| 650 #0 - SUBJECT ADDED ENTRY--TOPICAL TERM | |
| Topical term or geographic name entry element | Boletales. |
| 810 1# - SERIES ADDED ENTRY--CORPORATE NAME | |
| Corporate name or jurisdiction name as entry element | New York (State). |
| Subordinate unit | State Museum, Albany. |
| Title of a work | Bulletin ; |
| Volume/sequential designation | 8. |
No items available.